000 00357nam a2200121 4500
005 20260530113902.0
245 1 0 _aLos Reyes Mezontla Artesanía en Barro Técnicas Prehispánicas
264 1 _bInstituto de las Artesanías Puebla
_c2010
300 _a84 páginas
336 _atexto
_2rdacontent
337 _asin medio
_2rdamedia
338 _avolumen
_2rdacarrier
999 _c11822
_d11822